Map making / (Record no. 28828)
[ view plain ]
| 000 -LEADER | |
|---|---|
| fixed length control field | 01063cam a2200337 4500 |
| 001 - CONTROL NUMBER | |
| control field | OCR5227BB |
| 003 - CONTROL NUMBER IDENTIFIER | |
| control field | EG-ScBUE |
| 005 - DATE AND TIME OF LATEST TRANSACTION | |
| control field | 20200926113352.0 |
| 008 - FIXED-LENGTH DATA ELEMENTS--GENERAL INFORMATION | |
| fixed length control field | 760204r19661955enka f 001 0 eng d |
| 035 ## - SYSTEM CONTROL NUMBER | |
| System control number | (InU)OCR5227BB |
| 035 ## - SYSTEM CONTROL NUMBER | |
| System control number | (OCoLC)ocm01965893 |
| 040 ## - CATALOGING SOURCE | |
| Original cataloging agency | DLC |
| Language of cataloging | eng |
| Description conventions | rda |
| Transcribing agency | MIA |
| Modifying agency | OCL |
| -- | IUL |
| -- | EG-ScBUE |
| 082 04 - DEWEY DECIMAL CLASSIFICATION NUMBER | |
| Classification number | 526.98 |
| Item number | DEB |
| Edition number | 22 |
| 100 1# - MAIN ENTRY--PERSONAL NAME | |
| Personal name | Debenham, Frank, |
| Dates associated with a name | 1883-1965, |
| Relator term | author. |
| 245 10 - TITLE STATEMENT | |
| Title | Map making / |
| Statement of responsibility, etc | by Frank Debenham, Fellow of Caius College, professor of geography, Cambridge University. |
| 250 ## - EDITION STATEMENT | |
| Edition statement | Third edition. |
| 250 ## - EDITION STATEMENT | |
| Edition statement | Reprinted edition. |
| 264 #1 - PUBLICATION, DISTRIBUTION, ETC. (IMPRINT) | |
| Place of publication, distribution, etc | London ; |
| -- | Glasgow : |
| Name of publisher, distributor, etc | Blackie & Limited, |
| Date of publication, distribution, etc | 1963. |
| 300 ## - PHYSICAL DESCRIPTION | |
| Extent | ix, 241 pages : |
| Other physical details | illustrations ; |
| Dimensions | 19 cm |
| 336 ## - CONTENT TYPE | |
| Source | rdacontent |
| Content type term | text |
| Content type code | txt |
| 337 ## - MEDIA TYPE | |
| Source | rdamedia |
| Media type term | unmediated |
| Media type code | n |
| 338 ## - CARRIER TYPE | |
| Source | rdacarrier |
| Carrier type term | volume |
| Carrier type code | nc |
| 500 ## - GENERAL NOTE | |
| General note | Includes index. |
| 650 #7 - SUBJECT ADDED ENTRY--TOPICAL TERM | |
| Topical term or geographic name as entry element | Map drawing. |
| Source of heading or term | BUEsh |
| 9 (RLIN) | 34690 |
| 650 #7 - SUBJECT ADDED ENTRY--TOPICAL TERM | |
| Topical term or geographic name as entry element | Surveying. |
| Source of heading or term | BUEsh |
| 653 ## - INDEX TERM--UNCONTROLLED | |
| Resource For college | Generalities |
| Arrived date list | September2020 |
| 655 ## - INDEX TERM--GENRE/FORM | |
| Form subdivision | Reading book |
| 9 (RLIN) | 34232 |
| 942 ## - ADDED ENTRY ELEMENTS (KOHA) | |
| Source of classification or shelving scheme | Dewey Decimal Classification |
| Koha item type | Book - Borrowing |
| 949 ## - LOCAL PROCESSING INFORMATION (OCLC) | |
| a | rcp3539 |
| 998 ## - LOCAL CONTROL INFORMATION (RLIN) | |
| Cataloger\'s initials, CIN (RLIN) | 4/6/1999 |
| Withdrawn status | Lost status | Source of classification or shelving scheme | Damaged status | Not for loan | Collection code | Home library | Current library | Shelving location | Date acquired | Source of acquisition | Total Checkouts | Total Renewals | Full call number | Barcode | Date last seen | Date checked out | Price effective from | Koha item type |
|---|---|---|---|---|---|---|---|---|---|---|---|---|---|---|---|---|---|---|
| Dewey Decimal Classification | Baccah | Central Library | Central Library | First floor | 26/09/2020 | Purchase | 8 | 22 | 526.98 DEB | 000049809 | 15/07/2025 | 08/07/2025 | 26/09/2020 | Book - Borrowing |